XXIII International FIG Congress, 8-13 October 2006, Munich, Germany (Record no. 120533)

MARC details
000 -LEADER
fixed length control field 00750cam a2200181 4500
001 - CONTROL NUMBER
control field ##WS135530
008 - FIXED-LENGTH DATA ELEMENTS--GENERAL INFORMATION
fixed length control field 061106n 000 0 eng u
035 ## - SYSTEM CONTROL NUMBER
System control number (Sirsi) u135530
041 0# - LANGUAGE CODE
Language code of text/sound track or separate title eng
110 2# - MAIN ENTRY--CORPORATE NAME
Corporate name or jurisdiction name as entry element Federation Internationale des Geometres
9 (RLIN) 5065
245 00 - TITLE STATEMENT
Title XXIII International FIG Congress, 8-13 October 2006, Munich, Germany
Remainder of title proceedings
-- shaping the change
520 ## - SUMMARY, ETC.
Summary, etc. Congress website covering the technical and meetings programme, national reports including the UK, and the list of congress participants.
590 ## - LOCAL NOTE (RLIN)
Local note IKA141106
651 #4 - SUBJECT ADDED ENTRY--GEOGRAPHIC NAME
Geographic name International
690 ## - LOCAL SUBJECT ADDED ENTRY--TOPICAL TERM (OCLC, RLIN)
Topical term or geographic name as entry element ENVIRONMENTAL AND LAND CONSULTANCY-GEOMATICS
856 40 - ELECTRONIC LOCATION AND ACCESS
Uniform Resource Identifier <a href="https://www.fig.net/pub/fig2006/">https://www.fig.net/pub/fig2006/</a>
Public note View the website free of charge at www.fig.net...
942 ## - ADDED ENTRY ELEMENTS (KOHA)
Suppress in OPAC 0
Holdings
Withdrawn status Lost status Source of classification or shelving scheme Damaged status Not for loan Home library Current library Shelving location Date acquired Total Checkouts Full call number Barcode Date last seen Copy number Price effective from Koha item type
    Dewey Decimal Classification     Virtual Virtual Online 06/11/2006   WEB SITE 135530-2001 06/08/2019 1 06/08/2019 Online material